| 000 | 01593nam2a2200313 4500 | ||
|---|---|---|---|
| 001 | RU\NLR\19V\602251 | ||
| 005 | 20251113190630.1 | ||
| 035 | _a(NLR Aleph) 010349009 | ||
| 090 |
_a10737991 _c10737991 |
||
| 100 | _a20070823d1902 u||y0rusy50 ca | ||
| 101 | 0 | _arus | |
| 102 | _aRU | ||
| 105 | _ay z 000ay | ||
| 200 | 0 | _aТ. 15–16 | |
| 210 | _d1902 | ||
| 215 | _a244, 210 с. разд. паг. | ||
| 316 |
_aЭкз. РНБ нет на месте с 1951 г. _5NLR: 34.9.4.20(15-16) |
||
| 327 | 1 | _aСодерж.: Т. 15: Черный год : (Пугачевщина) : роман. Ч. 1. Разоренный улей ; Ч. 2. На Волге ; Т. 16: Черный год : (Пугачевщина) : роман. Ч. 2. На Волге (окончание) ; Ч. 3. Кровавый метеор | |
| 461 | 0 |
_1001v19\rc\1741534 _12001#$aСочинения Г. П. Данилевскаго$eв 24 т., с портр. автора$vТ. 15–16 _1700#1$aДанилевский$bГ. П.$f1829-1890$gГригорий Петрович$3RU\NLR\AUTH\7717156 _95776555 _aДанилевский, Г. П. (1829-1890) _cСанкт-Петербург _d1902 _e9-е изд. _nА. Ф. Маркс _oв 24 т., с портр. автора _tСочинения Г. П. Данилевскаго _vТ. 15–16 |
|
| 801 | 0 |
_aRU _bNLR _c20070823 _gpsbo |
|
| 801 | 1 |
_aRU _bNLR _c20070823 _2rusmarc |
|
| 852 |
_aNLR _j34.9.4.20(15-16) |
||
| 899 |
_aRuMoRGB _jF 103/88 |
||
| 899 |
_aRuMoRGB _jРб 10/377 |
||
| 899 |
_aГПИБ _z(15) |
||
| 942 | _cBOOK | ||
| 980 | _aMONB | ||
| 980 | _aNB | ||